000 00776nam a2200205 a 4500
001 000020859
005 20200930011158.0
008 100818s1977 mx 000 0 spa d
040 _aDO-SdBNP
_bspa
_cBNPHU
082 _a972.9302
_bH673i, 1977
245 0 0 _aHistoriadores de Indias /
_cselección, estudio preliminar y notas Germán Arciniegas.
250 _a10a ed.
260 _aMéxico :
_bCumbre,
_c1977.
300 _axx, 1-444 p. ;
_c21 cm.
490 1 _aLos clásicos
505 1 _aColón -- Fernández de Oviedo -- Las casas Garcilaso Inca -- Solís -- Bernal Díaz -- Aguado Herrera -- Pero Hernández -- Fray Pedro Simón.
650 4 _aAmérica
_xDescubrimiento y exploraciones
_920820
700 1 _aArciniegas, Germán,
_943711
830 0 _aLos clásicos
_943697
999 _c20362
_d20362